[Event "Canadian op 48th"]
[Site "Toronto"]
[Date "2011.07.16"]
[Round "8"]
[White "Le, Ken"]
[Black "Sharpe, Michael D"]
[Result "0-1"]
[WhiteElo "1660"]
[BlackElo "1662"]
[PlyCount "72"]
[EventDate "2011.07.09"]
[EventType "swiss"]
[EventRounds "9"]
[EventCountry "CAN"]
[SourceTitle "EXT 2022"]
[Source "ChessBase"]
[SourceDate "2021.10.06"]
[SourceVersion "1"]
[SourceVersionDate "2021.10.06"]
[SourceQuality "1"]

1. a3 d5 2. Nf3 Nf6 3. g3 g6 4. Bg2 a5 5. 0-0 Bg7 6. d4 c6 7. Bf4 0-0 8. Nc3 Nbd7 9. Qc1 b6 10. Bh6 Ba6 11. Bxg7 Kxg7 12. h4 h5 13. Ng5 Rc8 14. f4 e6 15. Bh3 Re8 16. Qe3 Nf8 17. Rae1 Qc7 18. Qf3 c5 19. Qe3 cxd4 20. Qxd4 Qc5 21. Qxc5 Rxc5 22. Rf3 b5 23. b4 Rc6 24. Rd1 Rec8 25. Rdd3 axb4 26. axb4 Rc4 27. f5 gxf5 28. Bg2 Ne4 29. Nd1 Rxc2 30. Rfe3 Rc1 31. Bxe4 fxe4 32. Nxe4 dxe4 33. Rxe4 R8c4 34. Re5 Kh6 35. Kf2 Ng6 36. Rg5 Rxb4 0-1